Statistics for Random Terraria Trivia

Click here to take the quiz!

General Stats

  • This quiz has been taken 94 times
  • The average score is 8 of 20

Answer Stats

HintAnswer% Correct
How much defense is gained by consuming an Aegis Fruit?4
85%
What is the only key in the game that unlocks a door?Temple Key
85%
What is the least valuable ore a fairy can lead the player to?Gold
73%
Name an accessory that lets the player actively damage an NPC when equipped.Guide Voodoo Doll, Clothier Voodoo Doll
68%
What is the Crimson variant of Wood?Shadewood
60%
Which mandatory boss inflicts a debuff that they are not immune to?The Twins
55%
Name an armor set that grants the ability to dash.Crystal Assassin, Solar Flare
50%
Which Re-Logic member has the largest number of developer items?Cenx
48%
Which weapon can be directly obtained from fishing in lava?Obsidian Swordfish
30%
Which enemy is depicted on the achievement icon for "Quiet Neighborhood"?Ghost
28%
Name a developer who has their own unique dye.Loki, Skiphs
28%
Which lunar events enemy is said to be a jellyfish-type creature?Flow Invader
23%
What item has the tooltip "Have at thee!"?Jousting Lance
20%
Which pre-Hardmode entity contains 'Mysterious' in its name?Mysterious Portal
20%
Who composed the Terraria soundtrack?Scott Lloyd Shelly
20%
Which non-craftable armor set has the highest total defense?Valhalla Knight
20%
Which painting depicts a famous Australian landmark?Uluru
18%
Which Martian Madness enemy do players resemble while wearing the Martian Uniform vanity set?Gigazapper
15%
Which weapon is sold by the Travelling Merchant after one of several bosses is defeated?Gray Zapinator
15%
The archaeologist vanity set is your favorite vanity, but unfortunately the world you are currently playing in generated without a Corruption biome. You could wait until Hardmode and buy Corrupt Seeds from the Dryad, but you want to be able to wear it as soon as possible. What item would you need to find in order to obtain it before Hardmode?Corrupt Statue
10%

Score Distribution

Percentile by Number Answered

Percent of People with Each Score

Your Score History

You have not taken this quiz